000 01194cam a2200241M 4500
001 cabbagerosesothe00jans
003 CaSfIA
005 20210117222236.0
007 cr||||
008 930630s1991 gau 000 0 eng d
040 _aNz
_cNZCPL
_dCaSfIA
035 _a(OCoLC)154095831
100 1 _aJansen, Brenda
245 1 0 _aCabbage roses and other floral delights :
_h[electronic resource]
_b18 acrylic painting projects featuring the enchanting rose /
_cby Brenda Jansen.
260 _aNorcross, Ga. :
_bPlaid Enterprises,
_cc1991.
300 _a35 p. : ill. (some col.) ; 29 cm. + 2 patterns.
029 0 _aNZ1
_b4235140
856 4 1 _uhttp://www.archive.org/details/cabbagerosesothe00jans
_zFree eBook from the Internet Archive
856 4 2 _uhttp://www.openlibrary.org/books/OL24202547M
_zAdditional information and access via Open Library
942 _cEB
506 _fНеобхідна авторизація на https://archive.org/ (створення облікового запису безкоштовно)
506 _fНеобхідна авторизація на https://openlibrary.org/ (створення облікового запису безкоштовно)
999 _c477551
_d477551